000 00814pam a2200277 a 4500
999 _c6136
_d6136
001 6136
003 BD-JhCC
005 20180130161917.0
008 860324s1986 cou b 001 0 eng
020 _a0813304148 (alk. paper) :
_c$24.00
020 _a0813304156 (pbk.) :
_c$9.95
035 _a(BD-JhCC)
040 _aDLC
_cDLC
_dDLC
041 _aeng
050 0 0 _aUG743
_b.S772 1986
082 0 0 _a358/.1754
_219
_bHEL 1986
100 _a Haley, P. Edward
245 0 0 _aStrategic Defense Initiative, folly or future? /
_cedited by P. Edward Haley and Jack Merritt.
260 _aBoulder, Colo. :
_bWestview Press,
_c1986.
300 _aix, 193 p. ;
_c24 cm.
504 _aIncludes bibliographies.
650 0 _aStrategic Defense Initiative.
700 1 _aMerritt, Jack.
942 _2ddc
_cBK